Electromechanical energy conversion
Guardat en:
| Autor principal: | |
|---|---|
| Format: | Llibre |
| Idioma: | anglès |
| Publicat: |
Nueva York
McGraw-Hill
1962
|
| Col·lecció: | McGraw-Hill Electrical and Electronic Engineering Series
|
| Matèries: | |
| Etiquetes: |
Afegir etiqueta
Sense etiquetes, Sigues el primer a etiquetar aquest registre!
|
MARC
| LEADER | 00000nam a2200000 a 4500 | ||
|---|---|---|---|
| 001 | UCU5550 | ||
| 003 | CL-VaPUC | ||
| 008 | 960604e19620000US |||||||||||||||||eng|d | ||
| 082 | 0 | 4 | |a 621.3 |b SEE |2 21 |
| 100 | 0 | |a Seely, Samuel |e author |9 363535 | |
| 245 | 1 | 0 | |a Electromechanical energy conversion |
| 300 | |a 336 p | ||
| 942 | |c BK | ||
| 945 | |d 19960604 00:00:00 |a cmena | ||
| 260 | |a Nueva York |b McGraw-Hill |c 1962 | ||
| 650 | 0 | |a Energía eléctrica |9 256678 | |
| 650 | 7 | |a POTENCIA |2 CL-VaPUC |9 363536 | |
| 650 | 0 | |a Conductores eléctricos |9 263132 | |
| 650 | 0 | |a Mecánica |9 260096 | |
| 650 | 0 | |a Circuitos eléctricos |9 260262 | |
| 650 | 0 | |a Transformadores |9 345471 | |
| 650 | 0 | |a Ecuaciones |9 260137 | |
| 650 | 7 | |a CONVERTIDORES ELECTRICOS |2 CL-VaPUC |9 345464 | |
| 583 | |a last modification |c 19960604 00:00:00 |k Rodrigo Vera | ||
| 490 | 0 | |a McGraw-Hill Electrical and Electronic Engineering Series | |
| 999 | |c 248849 |d 248847 | ||
| 952 | |0 0 |1 0 |4 0 |6 621_300000000000000_SEE_1962 |7 0 |8 A |9 265745 |a BIBING |b BIBING |d 2019-11-19 |i 1673475 |o 621.3 SEE 1962 |p 1673475 |r 2025-01-20 |w 2019-11-19 |y BK |k EIE | ||